Cubs Rosters of the Rebuild - Statistics

General Stats
  • This quiz has been taken 13 times
  • The average score is 57 of 241
Answer Stats
Year # Player POS % Correct
2012 44 Anthony Rizzo 1B
90%
2013 44 Anthony Rizzo 1B
90%
2014 44 Anthony RIzzo 1B
90%
2013 49 Jake Arrieta P
80%
2014 49 Jake Arrieta P
80%
2010 16 Aramis Ramirez 3B
70%
2011 16 Aramis Ramirez 3B
70%
2010 25 Derrek Lee 1B
70%
2010 18 Geovany Soto C
70%
2011 18 Geovany Soto C
70%
2012 18 Geovany Soto C
70%
2014 54 Neil Ramirez P
70%
2010 13 Starlin Castro SS
70%
2011 13 Starlin Castro SS
70%
2012 13 Starlin Castro SS
70%
2013 13 Starlin Castro SS
70%
2014 13 Starlin Castro SS
70%
2012 7 Brett Jackson OF
60%
2010 38 Carlos Zambrano P
60%
2011 38 Carlos Zambrano P
60%
2013 36 Edwin Jackson P
60%
2014 36 Edwin Jackson P
60%
2014 9 Javier Báez IF
60%
2014 28 Kyle Hendricks P
60%
2011 5 Reed Johnson OF
60%
2012 5 Reed Johnson OF
60%
2010 46 Ryan Dempster P
60%
2011 46 Ryan Dempster P
60%
2012 46 Ryan Dempster P
60%
2010 2 Ryan Theriot 2B
60%
2010 12 Alfonso Soriano OF
50%
2011 12 Alfonso Soriano OF
50%
2012 12 Alfonso Soriano OF
50%
2013 12 Alfonso Soriano OF
50%
2011 22 Carlos Peña 1B
50%
2010 40 James Russell P
50%
2011 40 James Russell P
50%
2012 40 James Russell P
50%
2013 40 James Russell P
50%
2014 40 James Russell P
50%
2010 29 Jeff Samardzija P
50%
2011 29 Jeff Samardzija P
50%
2012 29 Jeff Samardzija P
50%
2013 29 Jeff Samardzija P
50%
2014 29 Jeff Samardzija P
50%
2011 34 Kerry Wood P
50%
2012 34 Kerry Wood P
50%
2010 1 Kosuke Fukudome OF
50%
2011 1 Kosuke Fukudome OF
50%
2010 17 Mike Fontenot 2B
50%
2012 30 Travis Wood P
50%
2013 37 Travis Wood P
50%
2014 37 Travis Wood P
50%
2010 15 Darwin Barney 2B
40%
2011 15 Darwin Barney 2B
40%
2012 15 Darwin Barney 2B
40%
2013 15 Darwin Barney 2B
40%
2014 15 Darwin Barney 2B
40%
2013 56 Hector Rondon P
40%
2014 56 Hector Rondon P
40%
2013 62 Henry Rodriguez P
40%
2012 2 Ian Stewart 3B
40%
2013 21 Junior Lake OF
40%
2014 21 Junior Lake OF
40%
2010 24 Marlon Byrd OF
40%
2011 24 Marlon Byrd OF
40%
2012 24 Marlon Byrd OF
40%
2014 30 Mike Olt 3B
40%
2010 30 Ted Lilly P
40%
2013 8 Alberto Gonzalez IF
30%
2011 6 Bryan LaHair UT
30%
2012 6 Bryan LaHair UT
30%
2010 49 Carlos Mármol P
30%
2011 49 Carlos Marmol P
30%
2012 49 Carlos Marmol P
30%
2013 49 Carlos Marmol P
30%
2014 8 Chris Coghlan OF
30%
2012 9 David DeJesus OF
30%
2013 9 David DeJesus OF
30%
2011 33 DJ LeMahieu IF
30%
2014 68 Jorge Soler OF
30%
2013 52 Justin Grimm P
30%
2014 52 Justin Grimm P
30%
2010 55 Koyie Hill C
30%
2011 55 Koyie Hill C
30%
2012 55 Koyie Hill C
30%
2012 52 Lendy Castillo P
30%
2012 24 Luis Valbuena 3B
30%
2013 24 Luis Valbuena 3B
30%
2014 24 Luis Valbuena 3B
30%
2013 46 Pedro Strop P
30%
2014 46 Pedro Strop P
30%
2013 46 Scott Feldman P
30%
2010 21 Tyler Colvin OF
30%
2011 21 Tyler Colvin OF
30%
2010 53 Wellington Castillo C
30%
2012 53 Wellington Castillo C
30%
2013 53 Wellington Castillo C
30%
2014 5 Wellington Castillo C
30%
2010 48 Andrew Cashner P
20%
2011 48 Andrew Cashner P
20%
2014 7 Arismendy Alcántara OF
20%
2010 52 Carlos Silva P
20%
2012 18 Chris Rusin P
20%
2013 18 Chris Rusin P
20%
2014 18 Chris Rusin P
20%
2012 17 Dave Sappelt OF
20%
2013 17 Dave Sappelt OF
20%
2013 30 Dioner Navarro C
20%
2014 64 Emilio Bonifacio UT
20%
2014 39 Jason Hammell P
20%
2010 28 Jeff Baker IF
20%
2011 28 Jeff Baker UT
20%
2012 3 Jeff Baker UT
20%
2014 12 John Baker C
20%
2012 5 Josh Vitters 3B
20%
2011 17 Matt Garza P
20%
2012 22 Matt Garza P
20%
2013 22 Matt Garza P
20%
2013 19 Nate Schierholtz OF
20%
2014 19 Nate Schierholtz OF
20%
2010 5 Sam Fuld OF
20%
2013 32 Scott Baker P
20%
2010 45 Sean Marshall P
20%
2011 45 Sean Marshall P
20%
2012 54 Shawn Camp P
20%
2013 54 Shawn Camp P
20%
2011 41 Tony Campana OF
20%
2012 1 Tony Campana OF
20%
2010 9 Blake DeWitt 2B
10%
2011 9 Blake DeWitt UT
10%
2012 11 Blake DeWitt UT
10%
2010 62 Bob Howry P
10%
2013 20 Brent Lillibridge IF
10%
2010 51 Brian Schlitter P
10%
2014 63 Brian Schlitter P
10%
2013 33 Carlos Villanueva P
10%
2014 33 Carlos Villanueva P
10%
2010 27 Casey Coleman P
10%
2011 27 Casey Coleman P
10%
2012 27 Casey Coleman P
10%
2012 32 Chris Volstad P
10%
2013 8 Donnie Murphy 3B
10%
2011 32 Doug Davis P
10%
2014 38 Jacob Turner P
10%
2014 41 José Veras P
10%
2014 20 Justin Ruggiano OF
10%
2013 11 Kyuji Fujikawa P
10%
2014 11 Kyuji Fujikawa P
10%
2013 22 Logan Watkins 2B
10%
2014 45 Logan Watkins 2B
10%
2014 41 Matt Szczur OF
10%
2010 6 Micah Hoffpauir UT
10%
2012 28 Paul Maholm P
10%
2011 66 Rafael Dolis P
10%
2012 48 Rafael Dolis P
10%
2013 48 Rafael Dolis P
10%
2011 32 Ramón Ortiz P
10%
2010 36 Randy Wells P
10%
2011 36 Randy Wells P
10%
2012 36 Randy Wells P
10%
2013 21 Scott Hairston OF
10%
2013 51 Steve Clevinger 3B
10%
2013 54 Thomas Neal OF
10%
2014 67 Tsuyoshi Wada P
10%
2012 45 Adrian Cardenas UT
0%
2012 55 Alberto Cabrera P
0%
2013 55 Alberto Cabrera P
0%
2013 50 Alex Burnett P
0%
2012 59 Alex Hinshaw P
0%
2012 20 Anthony Recker C
0%
2014 47 Arodys Vizcaino P
0%
2012 47 Blake Lalli C
0%
2012 50 Blake Parker P
0%
2013 50 Blake Parker P
0%
2014 50 Blake Parker P
0%
2010 19 Bobby Scales 3B
0%
2010 56 Brad Snyder OF
0%
2013 47 Brian Bogusevic OF
0%
2012 43 Brooks Raley P
0%
2013 43 Brooks Raley P
0%
2010 9 Chad Tracy 3B
0%
2013 12 Chang-Yong Lim P
0%
2011 37 Chris Carpenter P
0%
2014 4 Chris Valaika IF
0%
2013 1 Cody Ransom 3B
0%
2013 2 Cole Gillespie OF
0%
2014 32 Dallas Beeler P
0%
2014 19 Dan Straily P
0%
2013 54 Darnell McDonald OF
0%
2013 52 Eduardo Sanchez P
0%
2014 30 Eli Whiteside C
0%
2014 43 Eric Jokisch P
0%
2010 33 Esmailin Caridad P
0%
2014 22 Felix Doubront P
0%
2013 47 Hisanori Takahashi P
0%
2012 57 Jason Berken P
0%
2012 37 Jaye Chapman P
0%
2013 7 J.C. Boscan C
0%
2012 16 Jeff Beliveau P
0%
2010 34 Jeff Gray P
0%
2010 44 Jeff Stevens P
0%
2011 44 Jeff Stevens P
0%
2012 21 Joe Mather OF
0%
2011 54 John Gaub P
0%
2010 43 John Grabow P
0%
2011 43 John Grabow P
0%
2013 20 Julio Borbon OF
0%
2010 64 Justin Berg P
0%
2011 64 Justin Berg P
0%
2012 41 Justin Germano P
0%
2013 50 Kameron Loe P
0%
2013 63 Kevin Gregg P
0%
2011 39 Lou Montañez OF
0%
2012 60 Manny Corpas P
0%
2010 62 Marcos Mateo P
0%
2011 62 Marcos Mateo P
0%
2013 51 Matt Guerrier P
0%
2012 43 Michael Bowden P
0%
2013 28 Michael Bowden P
0%
2012 47 Miguel Socolovich P
0%
2010 60 Mitch Atkins P
0%
2014 51 Rafael Lopez C
0%
2011 50 Rodrigo Lopez P
0%
2012 19 Rodrigo Lopez P
0%
2014 61 Ryan Kalish OF
0%
2013 6 Ryan Sweeney OF
0%
2014 6 Ryan Sweeney OF
0%
2010 57 Scott Maine P
0%
2011 57 Scott Maine P
0%
2012 57 Scott Maine P
0%
2011 51 Steve Clevinger C
0%
2012 51 Steve Clevinger C
0%
2010 20 Thomas Diamond P
0%
2010 32 Tom Gorzelanny P
0%
2011 53 Wellington Castilo C
0%
2014 53 Wesley Wright P
0%
2010 22 Xavier Nady UT
0%
2013 57 Zach Putnam P
0%
2013 59 Zach Rosscup P
0%
2014 59 Zach Rosscup P
0%
No matching quizzes found
Score Distribution
Percent of People with Each Score
Percentile by Number Answered
Your Score History
You have not taken this quiz